[Event "2. Bundesliga Mitte 2013/2014"]
[Site "Fuerstenfeld"]
[Date "2013.10.04"]
[Round "1"]
[Board "1"]
[White "Tratar, Marko"]
[Black "Gonda, Laszlo"]
[Result "0-1"]
[WhiteElo "2480"]
[BlackElo "2560"]
[PlyCount "90"]
[EventDate "2013.10.04"]
[EventType "team"]
[EventRounds "11"]
[EventCountry "AUT"]
[WhiteTeam "SC MPOE Maria Saal II"]
[BlackTeam "ASK St. Valentin"]

1. Nf3 d5 2. d4 Nf6 3. c4 c6 4. e3 Bg4 5. Qb3 Qb6 6. Nc3 e6 7. Nh4 Be7 8. h3
Bh5 9. g4 Bg6 10. Nxg6 hxg6 11. Bg2 g5 12. e4 Nxe4 13. Qxb6 axb6 14. Nxe4 dxe4
15. Bxe4 Na6 16. Ke2 Nc7 17. Be3 b5 18. b3 Ra3 19. Bc1 Ra6 20. a4 Kd7 21. Bb2
bxc4 22. bxc4 Bf6 23. Bc3 b6 24. Kd3 Ne8 25. a5 bxa5 26. Rxa5 Rxa5 27. Bxa5 Nd6
28. Bb4 Nxe4 29. Kxe4 Ra8 30. Bc5 Ra4 31. Kd3 Ra2 32. f3 Bd8 33. Bb4 f5 34.
gxf5 exf5 35. d5 cxd5 36. cxd5 Rf2 37. Ra1 Rxf3+ 38. Kc4 Bb6 39. Kb5 Bd4 40.
Ra6 Rxh3 41. Bc5 Bxc5 42. Kxc5 Ke7 43. Rg6 Kf7 44. Rxg5 Kf6 45. Rg1 Rd3 0-1

[Event "2. Bundesliga Mitte 2013/2014"]
[Site "Fuerstenfeld"]
[Date "2013.10.04"]
[Round "1"]
[Board "3"]
[White "Hartl, Daniel"]
[Black "Sandhoefner, Florian"]
[Result "1/2-1/2"]
[WhiteElo "2286"]
[BlackElo "2271"]
[PlyCount "58"]
[EventDate "2013.10.04"]
[EventType "team"]
[EventRounds "11"]
[EventCountry "AUT"]
[WhiteTeam "SC MPOE Maria Saal II"]
[BlackTeam "ASK St. Valentin"]

1. d4 d5 2. c4 c6 3. Nf3 Nf6 4. e3 e6 5. b3 Nbd7 6. Bb2 Bd6 7. Bd3 O-O 8. O-O
b6 9. Ne5 Bb7 10. Nd2 c5 11. Qc2 h6 12. f4 Rc8 13. Rad1 Qe7 14. Ndf3 Rc7 15.
Qe2 Ne4 16. Nxd7 Rxd7 17. Ne5 Rc7 18. Qg4 f5 19. Qh5 Rfc8 20. cxd5 Bxd5 21. Nc4
cxd4 22. Nxd6 Nxd6 23. Bxd4 Ne4 24. Be5 Rc6 25. Qg6 Nc3 26. Rd2 Ne4 27. Rdd1
Nc3 28. Rd2 Ne4 29. Rdd1 Nc3 1/2-1/2

[Event "2. Bundesliga Mitte 2013/2014"]
[Site "Fuerstenfeld"]
[Date "2013.10.04"]
[Round "1"]
[Board "4"]
[White "Kranzl, Peter"]
[Black "Halvax, Georg"]
[Result "1/2-1/2"]
[WhiteElo "2225"]
[BlackElo "2314"]
[PlyCount "82"]
[EventDate "2013.10.04"]
[EventType "team"]
[EventRounds "11"]
[EventCountry "AUT"]
[WhiteTeam "ASK St. Valentin"]
[BlackTeam "SC MPOE Maria Saal II"]

1. Nf3 Nf6 2. g3 d5 3. Bg2 Bg4 4. O-O Nc6 5. d4 Qc8 6. c4 e6 7. Nc3 Bb4 8. Ne5
Bh5 9. Nxc6 bxc6 10. Qa4 Bxc3 11. Qxc6+ Kf8 12. bxc3 Bxe2 13. Ba3+ Kg8 14. Rfb1
Bxc4 15. Rb7 Ne8 16. Bf1 Bxf1 17. Rxf1 h5 18. Rfb1 h4 19. Bc5 hxg3 20. hxg3 Qd8
21. Bxa7 Qg5 22. R7b3 Qh5 23. Kg2 Qh3+ 24. Kf3 Qf5+ 25. Ke3 Rh2 26. Rf1 Rxa7
27. Qxe8+ Kh7 28. a4 c5 29. dxc5 Qe4+ 30. Kd2 Rxa4 31. Rb2 Qc4 32. Qb5 Qg4 33.
c6 Rc4 34. Rb4 Qg5+ 35. Kc2 Qf5+ 36. Kb3 Rxf2 37. Rxf2 Qxf2 38. Rxc4 dxc4+ 39.
Kxc4 Qe2+ 40. Kc5 Qe5+ 41. Kb6 Qb8+ 1/2-1/2

[Event "2. Bundesliga Mitte 2013/2014"]
[Site "Fuerstenfeld"]
[Date "2013.10.04"]
[Round "1"]
[Board "5"]
[White "Kaspret, Guido"]
[Black "Heimberger, Reinhard"]
[Result "1/2-1/2"]
[WhiteElo "2289"]
[BlackElo "2303"]
[PlyCount "126"]
[EventDate "2013.10.04"]
[EventType "team"]
[EventRounds "11"]
[EventCountry "AUT"]
[WhiteTeam "SC MPOE Maria Saal II"]
[BlackTeam "ASK St. Valentin"]

1. c4 c5 2. Nf3 d6 3. d4 cxd4 4. Nxd4 Nf6 5. Nc3 g6 6. g3 Nc6 7. Nc2 Be6 8. Ne3
Bg7 9. Bg2 O-O 10. Ned5 Na5 11. Bg5 Nxc4 12. Bxf6 exf6 13. b3 Nb6 14. O-O f5
15. Rc1 Rc8 16. Qd2 Nxd5 17. Nxd5 Re8 18. e3 Qd7 19. Rfd1 Kh8 20. h4 h6 21. Nf4
Rxc1 22. Qxc1 Rc8 23. Qa3 b6 24. h5 g5 25. Nxe6 Qxe6 26. Qxd6 Bf8 27. Qxe6 fxe6
28. Rd7 a5 29. Bf1 Bc5 30. Kg2 Rf8 31. Bc4 Rf6 32. Kf3 e5 33. Rd5 e4+ 34. Ke2
Kg7 35. Rd7+ Kf8 36. Rd8+ Ke7 37. Rg8 Kd6 38. f4 exf3+ 39. Kxf3 Ke5 40. Re8+
Kd6 41. Rd8+ Ke7 42. Rd5 Re6 43. Rxf5 Rxe3+ 44. Kg4 Re4+ 45. Kh3 Rd4 46. Rf7+
Ke8 47. Rh7 Bf8 48. a4 Rd6 49. Kg4 Rf6 50. Bd3 Kd8 51. Bf5 Ke8 52. Bg6+ Kd8 53.
Be4 Ke8 54. Kh3 Re6 55. Bd5 Rf6 56. Kg2 Bc5 57. Be4 g4 58. Rg7 Rf2+ 59. Kh1
Rf1+ 60. Kh2 Rf2+ 61. Bg2 Rf5 62. Rxg4 Rxh5+ 63. Rh4 Rxh4+ 1/2-1/2

[Event "2. Bundesliga Mitte 2013/2014"]
[Site "Fuerstenfeld"]
[Date "2013.10.04"]
[Round "1"]
[Board "6"]
[White "Steinmueller, Guenther"]
[Black "Ertl, Johann"]
[Result "0-1"]
[WhiteElo "2193"]
[BlackElo "2260"]
[PlyCount "94"]
[EventDate "2013.10.04"]
[EventType "team"]
[EventRounds "11"]
[EventCountry "AUT"]
[WhiteTeam "ASK St. Valentin"]
[BlackTeam "SC MPOE Maria Saal II"]

1. d4 Nf6 2. Nf3 g6 3. c4 Bg7 4. Nc3 O-O 5. g3 d6 6. Bg2 Nc6 7. O-O Bf5 8. d5
Na5 9. Nd2 c5 10. e4 Bd7 11. Qc2 a6 12. b3 b5 13. Rb1 bxc4 14. bxc4 Rb8 15.
Rxb8 Qxb8 16. Ba3 Qc7 17. h3 Bh6 18. f4 Nh5 19. Kh2 e5 20. Ne2 exf4 21. gxf4 f5
22. Bb2 fxe4 23. Bxe4 Bf5 24. Qd3 Qe7 25. Bc1 Re8 26. Bxf5 Qxe2+ 27. Kh1 Qxd3
28. Bxd3 Ng3+ 29. Kg2 Nxf1 30. Nxf1 Nb7 31. Bd2 Nd8 32. h4 Nf7 33. Kg3 Bg7 34.
Kf3 Rb8 35. Bc1 Bb2 36. Bd2 Bf6 37. h5 Rb2 38. hxg6 hxg6 39. Bxg6 Rxa2 40. Ke3
Bd4+ 41. Kd3 Kg7 42. Bh5 Ra3+ 43. Kc2 a5 44. Be2 a4 45. Bc1 Rc3+ 46. Kb1 a3 47.
Bd2 Rc2 0-1

[Event "2. Bundesliga Mitte 2013/2014"]
[Site "Fuerstenfeld"]
[Date "2013.10.04"]
[Round "1"]
[Board "2"]
[White "Traunwieser, Georg"]
[Black "Kilgus, Georg"]
[Result "1-0"]
[WhiteElo "2121"]
[BlackElo "2430"]
[PlyCount "43"]
[EventDate "2013.10.04"]
[EventType "team"]
[EventRounds "11"]
[EventCountry "AUT"]
[WhiteTeam "SPG Freistadt/Wartberg"]
[BlackTeam "Spg. Grieskirchen/Sedda B.Schallerbach"]

1. d4 Nf6 2. c4 g6 3. Nc3 d5 4. e3 Bg7 5. Qb3 dxc4 6. Bxc4 O-O 7. Nf3 c5 8.
dxc5 Qc7 9. Qa3 Bg4 10. Nb5 Qc8 11. Be2 Nbd7 12. Bd2 Ne4 13. Rc1 Nxd2 14. Nxd2
Bxe2 15. Kxe2 Qc6 16. Nd4 Qxg2 17. N2f3 Ne5 18. h3 Nc4 19. Qc3 Nxe3 20. Qxe3 e5
21. Nb5 e4 22. Nh4 1-0

[Event "2. Bundesliga Mitte 2013/2014"]
[Site "Fuerstenfeld"]
[Date "2013.10.04"]
[Round "1"]
[Board "4"]
[White "Farthofer, Josef"]
[Black "Singer, Christoph"]
[Result "0-1"]
[WhiteElo "2041"]
[BlackElo "2341"]
[PlyCount "78"]
[EventDate "2013.10.04"]
[EventType "team"]
[EventRounds "11"]
[EventCountry "AUT"]
[WhiteTeam "SPG Freistadt/Wartberg"]
[BlackTeam "Spg. Grieskirchen/Sedda B.Schallerbach"]

1. d4 d5 2. c4 e6 3. Nf3 Nf6 4. Bg5 Be7 5. Nc3 O-O 6. e3 Nbd7 7. Bd3 a6 8. O-O
dxc4 9. Bxc4 b5 10. Be2 Bb7 11. a3 c5 12. Rc1 Rc8 13. Ne5 Nxe5 14. dxe5 Nd5 15.
Bf4 Nxf4 16. exf4 Qd4 17. Bf3 Qxd1 18. Rfxd1 Bxf3 19. gxf3 Rfd8 20. Ne4 c4 21.
Kf1 Kf8 22. Ke2 Rd5 23. Nc3 Rxd1 24. Rxd1 Ke8 25. Ne4 Rd8 26. Rxd8+ Kxd8 27.
Ng5 Bxg5 28. fxg5 Kc7 29. Ke3 Kb6 30. Kd4 Ka5 31. Kc3 Kb6 32. Kd4 Kc6 33. f4 g6
34. f3 Kb6 35. Ke3 Kc5 36. Ke4 a5 37. h3 b4 38. a4 b3 39. h4 c3 0-1

[Event "2. Bundesliga Mitte 2013/2014"]
[Site "Fuerstenfeld"]
[Date "2013.10.04"]
[Round "1"]
[Board "5"]
[White "Humer, Wolfgang"]
[Black "Grabner, Hermann"]
[Result "1-0"]
[WhiteElo "2267"]
[BlackElo "1973"]
[PlyCount "49"]
[EventDate "2013.10.04"]
[EventType "team"]
[EventRounds "11"]
[EventCountry "AUT"]
[WhiteTeam "Spg. Grieskirchen/Sedda B.Schallerbach"]
[BlackTeam "SPG Freistadt/Wartberg"]

1. e4 e5 2. Nc3 Nc6 3. g3 g6 4. Bg2 Bg7 5. d3 Nge7 6. Nge2 O-O 7. Be3 d6 8. Qd2
b5 9. Nxb5 Rb8 10. c4 a6 11. Nbc3 f5 12. O-O Nd4 13. Bg5 Ne6 14. Be3 Bd7 15.
Rab1 Kh8 16. b4 c6 17. Bh6 Ng8 18. Bxg7+ Kxg7 19. exf5 gxf5 20. f4 Ne7 21. d4
e4 22. d5 Qb6+ 23. c5 Nxc5 24. Qd4+ Kf7 25. bxc5 1-0

[Event "2. Bundesliga Mitte 2013/2014"]
[Site "Fuerstenfeld"]
[Date "2013.10.04"]
[Round "1"]
[Board "6"]
[White "Kaltenberger, Heinrich"]
[Black "Schwabeneder, Alois"]
[Result "0-1"]
[WhiteElo "1916"]
[BlackElo "2038"]
[PlyCount "92"]
[EventDate "2013.10.04"]
[EventType "team"]
[EventRounds "11"]
[EventCountry "AUT"]
[WhiteTeam "SPG Freistadt/Wartberg"]
[BlackTeam "Spg. Grieskirchen/Sedda B.Schallerbach"]

1. d4 Nf6 2. c4 c5 3. Nf3 g6 4. Nc3 cxd4 5. Nxd4 Bg7 6. Qc2 O-O 7. e3 Nc6 8.
Be2 d6 9. O-O Nd7 10. Rd1 Nc5 11. a3 Nxd4 12. exd4 Bf5 13. Bd3 Nxd3 14. Rxd3
Bxd4 15. Bh6 Bg7 16. Bxg7 Kxg7 17. Qd2 Bxd3 18. Qxd3 Qb6 19. Nd5 Qxb2 20. Rb1
Qe5 21. f4 Qf5 22. Qc3+ e5 23. Re1 Rae8 24. fxe5 dxe5 25. Rf1 Qe4 26. Nf6 Qd4+
27. Qxd4 exd4 28. Nxe8+ Rxe8 29. Rd1 Rd8 30. Kf2 d3 31. Ke3 d2 32. Rxd2 Rxd2
33. Kxd2 Kf6 34. Ke3 Ke5 35. g3 g5 36. a4 a5 37. g4 b6 38. Kd3 f5 39. gxf5 h5
40. f6 Kxf6 41. c5 bxc5 42. Kc4 g4 43. Kxc5 h4 44. Kb5 g3 45. hxg3 h3 46. Kxa5
h2 0-1

[Event "2. Bundesliga Mitte 2013/2014"]
[Site "Fuerstenfeld"]
[Date "2013.10.04"]
[Round "1"]
[Board "1"]
[White "Nemeth, Miklos"]
[Black "Taggatz, Mario"]
[Result "1-0"]
[WhiteElo "2482"]
[BlackElo "2222"]
[PlyCount "103"]
[EventDate "2013.10.04"]
[EventType "team"]
[EventRounds "11"]
[EventCountry "AUT"]
[WhiteTeam "SV Steyregg"]
[BlackTeam "Spg. Sauwald"]

1. e4 e6 2. d4 d5 3. Nd2 c5 4. exd5 exd5 5. Ngf3 Nf6 6. Bb5+ Bd7 7. Qe2+ Be7 8.
dxc5 O-O 9. Nb3 Re8 10. O-O a6 11. Bxd7 Nbxd7 12. Qd3 Qc7 13. Bg5 Nxc5 14. Nxc5
Qxc5 15. Rad1 Rad8 16. Nd4 g6 17. Rfe1 Nh5 18. Be3 Qc4 19. Nb3 Bf6 20. c3 Ng7
21. Qxc4 dxc4 22. Nc5 Nf5 23. Bc1 Rxd1 24. Rxd1 Bd8 25. Kf1 Bb6 26. Nxb7 Re7
27. Nd8 Rc7 28. Bf4 Rc5 29. Rd7 Rb5 30. Bc1 Bxd8 31. Rxd8+ Kg7 32. g4 Ne7 33.
Rd4 Rc5 34. Bf4 Rc6 35. Ke1 Rb6 36. Bd6 Nc8 37. Be5+ f6 38. Rd7+ Kh6 39. Bd4
Re6+ 40. Be3+ g5 41. h4 Nb6 42. Rd2 Kg6 43. hxg5 fxg5 44. Kd1 Nc8 45. Bc5 Re5
46. Ba3 Kf6 47. Rd7 Nb6 48. Rxh7 Nd5 49. Rh6+ Kf7 50. Rd6 Nf6 51. Rd4 Ne4 52.
f3 1-0

[Event "2. Bundesliga Mitte 2013/2014"]
[Site "Fuerstenfeld"]
[Date "2013.10.04"]
[Round "1"]
[Board "2"]
[White "Renner, Christoph"]
[Black "Kociscak, Jiri"]
[Result "1/2-1/2"]
[WhiteElo "2379"]
[BlackElo "2434"]
[PlyCount "96"]
[EventDate "2013.10.04"]
[EventType "team"]
[EventRounds "11"]
[EventCountry "AUT"]
[WhiteTeam "Spg. Sauwald"]
[BlackTeam "SV Steyregg"]

1. d4 f5 2. Bf4 Nf6 3. e3 d6 4. Nd2 Nc6 5. Ngf3 g6 6. h4 e6 7. Bd3 Qe7 8. e4 e5
9. dxe5 dxe5 10. Bg5 h6 11. Bxf6 Qxf6 12. h5 f4 13. hxg6 Bg4 14. Bb5 h5 15.
Bxc6+ bxc6 16. Qe2 Bd6 17. Qc4 Rb8 18. O-O-O Ke7 19. Nb3 Qxg6 20. Na5 Be6 21.
Nxc6+ Kf6 22. Qc3 Rb5 23. Qd3 Rc5 24. Nh4 Qh7 25. Nb4 a5 26. Nd5+ Bxd5 27. exd5
Qxd3 28. Rxd3 e4 29. Rd4 Re8 30. Re1 Kg5 31. Nf3+ Kf5 32. Nd2 e3 33. fxe3 Rxe3
34. Rxe3 fxe3 35. Nc4 e2 36. Kd2 Be5 37. Nxe5 Rxc2+ 38. Ke1 Kxe5 39. Rh4 Rxb2
40. Rxh5+ Ke4 41. a4 Ra2 42. Rg5 Kd4 43. Rh5 Kc5 44. Re5 Kd6 45. Rxe2 Rxa4 46.
Rc2 Re4+ 47. Kf2 a4 48. Rc6+ Kxd5 1/2-1/2

[Event "2. Bundesliga Mitte 2013/2014"]
[Site "Fuerstenfeld"]
[Date "2013.10.04"]
[Round "1"]
[Board "3"]
[White "Burlacu, Bogdan"]
[Black "Schmidt, Peter"]
[Result "1-0"]
[WhiteElo "2342"]
[BlackElo "2377"]
[PlyCount "95"]
[EventDate "2013.10.04"]
[EventType "team"]
[EventRounds "11"]
[EventCountry "AUT"]
[WhiteTeam "SV Steyregg"]
[BlackTeam "Spg. Sauwald"]

1. e4 c6 2. d4 d5 3. Nc3 a6 4. Nf3 Bg4 5. h3 Bh5 6. Be2 e6 7. O-O Nf6 8. Ne5
Bxe2 9. Qxe2 Be7 10. exd5 cxd5 11. Nb1 Nc6 12. c3 Nxe5 13. Qxe5 O-O 14. Qe2 b5
15. a3 Qb6 16. Be3 a5 17. Nd2 Qb7 18. Rfc1 b4 19. axb4 axb4 20. c4 dxc4 21.
Nxc4 h6 22. Ne5 Qe4 23. Qb5 Qd5 24. Qd3 Bd6 25. Nc4 Bc7 26. Nd2 Rac8 27. Nf3
Bd6 28. Nd2 Rfd8 29. Qa6 Ra8 30. Qb6 Rab8 31. Qa6 Rb7 32. Ra5 Rdd7 33. Rxd5
Nxd5 34. Ne4 Bf8 35. Rc8 Ra7 36. Qb5 Rab7 37. Qe2 Rdc7 38. Rxc7 Rxc7 39. Nc5
Ra7 40. g3 Ra2 41. Qc2 Be7 42. Nd3 Bd6 43. Kg2 Ra8 44. Kf3 Kf8 45. Nf4 Bxf4 46.
Bxf4 Kg8 47. Bd6 Ra2 48. Bxb4 1-0

[Event "2. Bundesliga Mitte 2013/2014"]
[Site "Fuerstenfeld"]
[Date "2013.10.04"]
[Round "1"]
[Board "4"]
[White "Hellmayr, Alois"]
[Black "Enoeckl, Philipp"]
[Result "1/2-1/2"]
[WhiteElo "2209"]
[BlackElo "2339"]
[PlyCount "80"]
[EventDate "2013.10.04"]
[EventType "team"]
[EventRounds "11"]
[EventCountry "AUT"]
[WhiteTeam "Spg. Sauwald"]
[BlackTeam "SV Steyregg"]

1. Nf3 Nf6 2. g3 g6 3. Bg2 Bg7 4. O-O O-O 5. d4 d6 6. Re1 Nc6 7. e4 e5 8. dxe5
dxe5 9. Nbd2 a5 10. a4 b6 11. c3 Ba6 12. Bf1 Bxf1 13. Kxf1 Qd7 14. Kg2 Rad8 15.
Qe2 Ne8 16. Nc4 Nd6 17. Nxd6 Qxd6 18. Bg5 Bf6 19. Rad1 Qe6 20. Bxf6 Qxf6 21.
Rd5 Rd6 22. h4 Rfd8 23. Red1 Ne7 24. Rxd6 Rxd6 25. Rxd6 Qxd6 26. Qb5 Nc6 27.
Qc4 Kg7 28. Kf1 Nd8 29. Qb5 f6 30. Ke2 Ne6 31. b4 axb4 32. cxb4 Nd4+ 33. Nxd4
Qxd4 34. f3 Qb2+ 35. Kf1 Qc1+ 36. Kf2 Qd2+ 37. Kf1 Qd1+ 38. Kg2 h5 39. a5 Qc2+
40. Kf1 Qb1+ 1/2-1/2

[Event "2. Bundesliga Mitte 2013/2014"]
[Site "Fuerstenfeld"]
[Date "2013.10.04"]
[Round "1"]
[Board "5"]
[White "Wiesinger, Robert"]
[Black "Hiermann, Dietmar"]
[Result "1/2-1/2"]
[WhiteElo "2252"]
[BlackElo "2290"]
[PlyCount "116"]
[EventDate "2013.10.04"]
[EventType "team"]
[EventRounds "11"]
[EventCountry "AUT"]
[WhiteTeam "SV Steyregg"]
[BlackTeam "Spg. Sauwald"]

1. e4 e5 2. Nf3 Nc6 3. Bc4 Bc5 4. d3 Nf6 5. h3 h6 6. c3 O-O 7. b4 Bb6 8. a4 a6
9. O-O d6 10. Re1 Be6 11. Nbd2 Ba7 12. Bb3 Bxb3 13. Qxb3 Nh5 14. Nf1 Qf6 15.
Be3 Nf4 16. Bxa7 Rxa7 17. Re3 Raa8 18. Rd1 Ne7 19. Ng3 Rad8 20. d4 c6 21. Ne2
Ne6 22. g3 Ng6 23. Kg2 Kh7 24. b5 cxb5 25. axb5 Qe7 26. h4 Qc7 27. Ra1 exd4 28.
cxd4 Ra8 29. bxa6 bxa6 30. Rc3 Qd7 31. Qc2 Kg8 32. Rca3 Nc7 33. Nc3 Rfc8 34.
Qd3 Qg4 35. Qe3 Re8 36. Nh2 Qe6 37. f4 f5 38. e5 dxe5 39. dxe5 Ne7 40. Nf3 Rab8
41. Nd1 Ned5 42. Qf2 Nb4 43. Nd4 Qd5+ 44. Kh2 Nb5 45. Nxb5 Qxb5 46. Ne3 Rec8
47. Rd1 Qc5 48. Rd2 Nd5 49. Rad3 Nxe3 50. Qxe3 Qxe3 51. Rxe3 Rb6 52. Red3 Re8
53. Ra3 Kf7 54. Rd7+ Re7 55. Rxe7+ Kxe7 56. h5 Ke6 57. Ra5 Kd7 58. g4 Ke6
 1/2-1/2

[Event "2. Bundesliga Mitte 2013/2014"]
[Site "Fuerstenfeld"]
[Date "2013.10.04"]
[Round "1"]
[Board "1"]
[White "Freitag, Manfred"]
[Black "Kovacs, Gabor"]
[Result "0-1"]
[WhiteElo "2382"]
[BlackElo "2458"]
[PlyCount "55"]
[EventDate "2013.10.04"]
[EventType "team"]
[EventRounds "11"]
[EventCountry "AUT"]
[WhiteTeam "ESV Austria Graz"]
[BlackTeam "Union Styria Graz"]

1. d4 d5 2. c4 e6 3. Nc3 Be7 4. cxd5 exd5 5. Bf4 c6 6. Qc2 Bd6 7. Bxd6 Qxd6 8.
e3 Qg6 9. Qxg6 hxg6 10. Bd3 Nf6 11. f3 Nbd7 12. Nge2 Nb6 13. Kf2 Bf5 14. e4
dxe4 15. fxe4 Bd7 16. h3 O-O 17. Rhd1 Rad8 18. Rac1 Be6 19. b3 Rfe8 20. e5 Nfd5
21. Ne4 Ne7 22. Nc5 Rf8 23. Kg1 Bf5 24. Ng3 Bxd3 25. Rxd3 f6 26. Rf3 Rb8 27.
Nce4 fxe5 28. dxe5 {restliche Partie unleserlich...nach 61 Zügen} 0-1

[Event "2. Bundesliga Mitte 2013/2014"]
[Site "Fuerstenfeld"]
[Date "2013.10.04"]
[Round "1"]
[Board "2"]
[White "Pilaj, Herwig"]
[Black "Karner, Christoph"]
[Result "1-0"]
[WhiteElo "2376"]
[BlackElo "2343"]
[PlyCount "107"]
[EventDate "2013.10.04"]
[EventType "team"]
[EventRounds "11"]
[EventCountry "AUT"]
[WhiteTeam "Union Styria Graz"]
[BlackTeam "ESV Austria Graz"]

1. c4 Nf6 2. Nc3 g6 3. g3 Bg7 4. Bg2 d6 5. d3 O-O 6. e4 c5 7. Nge2 Nc6 8. O-O
Bg4 9. f3 Bd7 10. Be3 Ne8 11. Qd2 Nc7 12. Bh6 Ne6 13. Bxg7 Kxg7 14. f4 Ned4 15.
Rae1 Rb8 16. h4 f5 17. h5 gxh5 18. e5 dxe5 19. fxe5 e6 20. Nf4 Qg5 21. Kf2 h4
22. Re3 Kh8 23. Rh1 Rg8 24. Rh3 Nb4 25. Rxh4 Nbc2 26. Rh3 Nxe3 27. Qxe3 Rbe8
28. b4 b6 29. b5 Bc8 30. Qe1 Re7 31. a4 Bb7 32. Bxb7 Rxb7 33. a5 Rbg7 34. Nce2
Nxe2 35. Qxe2 Qg4 36. Qxg4 Rxg4 37. a6 R4g5 38. Nxe6 Rg4 39. Nf4 Re8 40. e6 Kg7
41. Rh5 Rxf4+ 42. gxf4 Kg6 43. Rh1 Re7 44. Re1 Kf6 45. Re5 h5 46. Rd5 h4 47.
Rd7 Kxe6 48. Rxe7+ Kxe7 49. Kg2 Kf6 50. Kh3 Kg6 51. Kxh4 Kh6 52. Kg3 Kg6 53.
Kf3 Kf6 54. d4 1-0

[Event "2. Bundesliga Mitte 2013/2014"]
[Site "Fuerstenfeld"]
[Date "2013.10.04"]
[Round "1"]
[Board "3"]
[White "Kotz, Heinz Peter"]
[Black "Wittmann, Walter"]
[Result "1/2-1/2"]
[WhiteElo "2339"]
[BlackElo "2195"]
[PlyCount "37"]
[EventDate "2013.10.04"]
[EventType "team"]
[EventRounds "11"]
[EventCountry "AUT"]
[WhiteTeam "ESV Austria Graz"]
[BlackTeam "Union Styria Graz"]

1. e4 c5 2. c3 d5 3. exd5 Qxd5 4. d4 Nf6 5. Nf3 Nc6 6. Na3 e6 7. Bc4 Qd8 8. O-O
cxd4 9. Nb5 Be7 10. Nbxd4 Nxd4 11. Nxd4 O-O 12. Qe2 Qc7 13. Nb5 Qc6 14. Re1 Bd7
15. Nd4 Qc7 16. Nb5 Qc6 17. Nd4 Qc7 18. Nb5 Qc6 19. Nd4 1/2-1/2

[Event "2. Bundesliga Mitte 2013/2014"]
[Site "Fuerstenfeld"]
[Date "2013.10.04"]
[Round "1"]
[Board "4"]
[White "Wertjanz, David"]
[Black "Fahrner, Kurt"]
[Result "1/2-1/2"]
[WhiteElo "2281"]
[BlackElo "2294"]
[PlyCount "119"]
[EventDate "2013.10.04"]
[EventType "team"]
[EventRounds "11"]
[EventCountry "AUT"]
[WhiteTeam "Union Styria Graz"]
[BlackTeam "ESV Austria Graz"]

1. e4 e5 2. Nf3 Nc6 3. Bb5 Bc5 4. c3 Bb6 5. O-O d6 6. d4 Bd7 7. Bg5 Nf6 8. Qd3
h6 9. Bh4 g5 10. Bg3 Nh5 11. dxe5 Nxg3 12. hxg3 dxe5 13. Re1 Qf6 14. Qd5 O-O-O
15. Bxc6 Bxc6 16. Qxe5 Qg6 17. Nbd2 Rhe8 18. Qf5+ Qxf5 19. exf5 g4 20. Rxe8
Bxe8 21. Nd4 Bxd4 22. cxd4 Rxd4 23. Nf1 h5 24. Ne3 Rd2 25. Nc4 Rc2 26. b3 Bd7
27. Ne3 Rc5 28. f6 Rc6 29. Nd5 Rd6 30. Nf4 Rxf6 31. Nxh5 Rd6 32. b4 a5 33. a3
a4 34. Re1 Rd3 35. Re3 Rxe3 36. fxe3 Kd8 37. Kf2 Bf5 38. Ke2 Ke7 39. Kd2 Be4
40. Nf4 Kd6 41. Kc3 Ke5 42. Kd2 b6 43. Kc3 Bc6 44. Kd2 Bb5 45. Kc3 Ke4 46. Kd2
Bf1 47. Ke1 Bc4 48. Kd2 c6 49. Kc3 Bf1 50. Kd2 c5 51. bxc5 bxc5 52. Ke1 Kxe3
53. Kxf1 Kd2 54. Nd5 c4 55. Nf6 c3 56. Ne4+ Kd3 57. Nf2+ Kd2 58. Ne4+ Kd3 59.
Nf2+ Kd2 60. Ne4+ 1/2-1/2

[Event "2. Bundesliga Mitte 2013/2014"]
[Site "Fuerstenfeld"]
[Date "2013.10.04"]
[Round "1"]
[Board "5"]
[White "Ebner, Hubert"]
[Black "Stagl, Marco"]
[Result "1-0"]
[WhiteElo "2244"]
[BlackElo "2149"]
[PlyCount "93"]
[EventDate "2013.10.04"]
[EventType "team"]
[EventRounds "11"]
[EventCountry "AUT"]
[WhiteTeam "ESV Austria Graz"]
[BlackTeam "Union Styria Graz"]

1. c4 e5 2. g3 Nf6 3. Bg2 d5 4. cxd5 Nxd5 5. Nc3 Nb6 6. Nf3 Nc6 7. O-O Be7 8.
d3 O-O 9. Be3 Be6 10. Rc1 Nd5 11. Bd2 Nxc3 12. Bxc3 f6 13. a3 a5 14. Qc2 a4 15.
e3 Bb3 16. Qe2 Na5 17. Bxa5 Rxa5 18. d4 c6 19. dxe5 fxe5 20. Nd2 Be6 21. Rfd1
Qb8 22. Be4 g6 23. h4 Kg7 24. Nb1 Rc8 25. Rd2 Rd8 26. Rcd1 Rxd2 27. Rxd2 Rc5
28. Nc3 b5 29. Bf3 Qb6 30. Bg4 Bc4 31. Qf3 Bd5 32. Nxd5 cxd5 33. Rxd5 Rxd5 34.
Qxd5 Bd6 35. Bd7 b4 36. Bxa4 bxa3 37. bxa3 Qc5 38. Qb7+ Be7 39. Qe4 Bd6 40. Bc2
Bc7 41. a4 Ba5 42. Bb3 Qc7 43. Qd5 Kf6 44. Qe6+ Kg7 45. g4 Bc3 46. Qg8+ Kf6 47.
Qf8+ 1-0

[Event "2. Bundesliga Mitte 2013/2014"]
[Site "Fuerstenfeld"]
[Date "2013.10.04"]
[Round "1"]
[Board "6"]
[White "Manhardt, Thomas"]
[Black "Aschenbrenner, Robert"]
[Result "1-0"]
[WhiteElo "2226"]
[BlackElo "2279"]
[PlyCount "109"]
[EventDate "2013.10.04"]
[EventType "team"]
[EventRounds "11"]
[EventCountry "AUT"]
[WhiteTeam "Union Styria Graz"]
[BlackTeam "ESV Austria Graz"]

1. e4 e6 2. d4 d5 3. Nc3 Bb4 4. e5 c5 5. a3 Bxc3+ 6. bxc3 Qa5 7. Bd2 Qa4 8. Nf3
c4 9. h4 Nc6 10. h5 h6 11. Rh4 Nge7 12. Rf4 Bd7 13. Nh4 Nf5 14. Qg4 Nce7 15.
Nxf5 Nxf5 16. Qf3 g5 17. hxg6 fxg6 18. g4 Nh4 19. Qh1 g5 20. Rf6 O-O-O 21. Kd1
Be8 22. Ra2 Bg6 23. f4 Be4 24. Qh3 Nf3 25. Rxe6 Qb5 26. Kc1 Nxd2 27. Rb2 Qd7
28. Rd6 Qg7 29. Rxd8+ Kxd8 30. Kxd2 gxf4 31. Be2 b6 32. Rb1 f3 33. Bxf3 Qg5+
34. Ke2 Bxc2 35. Rb5 Rf8 36. Rxd5+ Kc7 37. e6 Bd3+ 38. Kd1 Qe3 39. Rd7+ Kb8 40.
Qg3+ Rf4 41. e7 Bg6 42. Rd8+ Kc7 43. Rf8 Qd3+ 44. Ke1 Qxc3+ 45. Kf2 Qd2+ 46.
Kg1 Qe3+ 47. Kg2 Qxf3+ 48. Qxf3 Rxf3 49. Kxf3 Kd7 50. Ra8 Kxe7 51. Rxa7+ Kd6
52. Rg7 Bb1 53. Rf7 Kd5 54. Ke3 c3 55. Rb7 1-0

[Event "2. Bundesliga Mitte 2013/2014"]
[Site "Fuerstenfeld"]
[Date "2013.10.04"]
[Round "1"]
[Board "2"]
[White "Krebs, Johann"]
[Black "Horvath, Tamas"]
[Result "0-1"]
[WhiteElo "2250"]
[BlackElo "2392"]
[PlyCount "111"]
[EventDate "2013.10.04"]
[EventType "team"]
[EventRounds "11"]
[EventCountry "AUT"]
[WhiteTeam "Strassenbahn Graz"]
[BlackTeam "RbEJ Gleisdorf"]

1. d4 Nf6 2. c4 e6 3. Nc3 Bb4 4. Qc2 c5 5. dxc5 O-O 6. a3 Bxc5 7. Bf4 d5 8. Rd1
Nc6 9. Nf3 Re8 10. e3 e5 11. Bg5 d4 12. Nd5 Be7 13. Nxe7+ Qxe7 14. e4 Bg4 15.
Be2 Rac8 16. Rc1 Qe6 17. Nh4 h6 18. Bxf6 Bxe2 19. Qxe2 Qxf6 20. g3 Rcd8 21. Rd1
d3 22. Rxd3 Nd4 23. Qd1 Qc6 24. O-O Qxe4 25. Re3 Qc6 26. Qg4 g6 27. Nf3 f5 28.
Nxd4 Rxd4 29. Qh3 Kg7 30. b3 Qc5 31. a4 Re7 32. Rfe1 a5 33. Qf1 e4 34. Kh1 Rd2
35. Rd1 Red7 36. Rxd2 Rxd2 37. Qa1+ Qd4 38. Qxd4+ Rxd4 39. Kg2 Kf6 40. Kf1 Rd2
41. g4 Ke5 42. gxf5 gxf5 43. Rh3 Rd6 44. Ke2 Kd4 45. Kd2 Rg6 46. Rh4 Ke5 47.
Ke2 Rb6 48. Rh3 Kd4 49. Kd2 f4 50. Kc2 Rg6 51. Rh4 f3 52. Rh5 e3 53. Rh4+ Ke5
54. fxe3 f2 55. Rf4 Rf6 56. Kd2 0-1